Tax Convention with Latvia, Message from the President.

Bibliographic Details
Corporate Authors: United States. Congress. Senate. Committee on Foreign Relations, ProQuest (Firm), United States. Department of State
Format: Government Document eBook
Language:English
Published: Washington : [publisher not identified], 1998.
Series:United States congressional serial set.
Subjects:
Online Access:Connect to the full text of this electronic book

MARC

Tag First Indicator Second Indicator Subfields
LEADER 00000cam a22000001a 4500
001 in00002858905
005 20190331175020.0
006 m o d
007 cr bn mmmapmmp
008 110609s1998 dcu o f000 0 eng d
035 |a cis2004634892 
040 |a ProQuest  |c ProQuest  |d UtOrBLW 
043 |a n-us--- 
086 0 |a Y 1.1/4:105-57 
099 |a ProQuest Serial Set Number 14466 Treaty.Doc.57 
110 1 |a United States.  |b Congress.  |b Senate.  |b Committee on Foreign Relations. 
245 1 0 |a Tax Convention with Latvia, Message from the President. 
264 1 |a Washington :  |b [publisher not identified],  |c 1998. 
300 |a 1 online resource. 
336 |a text  |b txt  |2 rdacontent 
337 |a computer  |b c  |2 rdamedia 
338 |a online resource  |b cr  |2 rdacarrier 
490 0 |a Treaty Doc. 105-57 
500 |a Record is based on bibliographic data in ProQuest U.S. Serial Set Digital Collection (last viewed June 2011). Reuse except for individual research requires license from ProQuest, LLC. 
510 3 |a ProQuest U.S. Serial Set Digital Collection 
500 |a Electronic resource. 
610 1 0 |a United States.  |b Department of State. 
650 0 |a Income tax. 
650 0 |a Treaties. 
655 7 |a Electronic books.  |2 local 
710 2 |a ProQuest (Firm) 
710 1 |a United States.  |b Department of State. 
830 0 |a United States congressional serial set. 
856 4 0 |u http://proxy.library.tamu.edu/login?url=http://congressional.proquest.com/congcomp/getdoc?SERIAL-SET-ID=14466+Treaty.Doc.57  |z Connect to the full text of this electronic book  |t 0 
999 |a MARS 
999 f f |s a6a4a756-de18-36bd-9048-90ee0e08dfc5  |i 09465def-1b4b-3bae-935e-3e90794e6144  |t 0 
952 f f |a Texas A&M University  |b College Station  |c Electronic Resources  |d Available Online  |t 0  |e ProQuest Serial Set Number 14466 Treaty.Doc.57  |h Other scheme 
998 f f |a ProQuest Serial Set Number 14466 Treaty.Doc.57  |t 0  |l Available Online